| 000 | 01305nam a22003254a 4500 | ||
|---|---|---|---|
| 001 | ebr10076876 | ||
| 003 | CaPaEBR | ||
| 006 | m u | ||
| 007 | cr cn||||||||| | ||
| 008 | 030320s2003 enk sb 001 0 eng | ||
| 010 | _z 2003048065 | ||
| 020 | _z0333921534 (cloth) | ||
| 040 |
_aCaPaEBR _cCaPaEBR |
||
| 035 | _a(OCoLC)559543252 | ||
| 050 | 1 | 4 |
_aHC465.I55 _bC63 2003eb |
| 082 | 0 | 4 |
_a384.3/0952 _221 |
| 100 | 1 |
_aCoates, Kenneth, _d1956- |
|
| 245 | 1 | 0 |
_aJapan and the Internet revolution _h[electronic resource] / _cKen Coates and Carin Holroyd. |
| 260 |
_aHoundmills, Basingstoke, Hampshire ; _aNew York : _bPalgrave Macmillan, _c2003. |
||
| 300 | _axiv, 202 p. | ||
| 504 | _aIncludes bibliographical references (p. 174-193) and index. | ||
| 533 |
_aElectronic reproduction. _bPalo Alto, Calif. : _cebrary, _d2013. _nAvailable via World Wide Web. _nAccess may be limited to ebrary affiliated libraries. |
||
| 650 | 0 |
_aInformation technology _xEconomic aspects _zJapan. |
|
| 650 | 0 |
_aInternet _xEconomic aspects _zJapan. |
|
| 650 | 0 |
_aInternet _zJapan. |
|
| 655 | 7 |
_aElectronic books. _2local |
|
| 700 | 1 | _aHolroyd, Carin. | |
| 710 | 2 | _aebrary, Inc. | |
| 856 | 4 | 0 |
_uhttp://site.ebrary.com/lib/rucke/Doc?id=10076876 _zAn electronic book accessible through the World Wide Web; click to view |
| 999 |
_c53605 _d53605 |
||